000 00322nam a2200133Ia 4500
005 20251222155156.0
008 251222s9999||||xx |||||||||||||| ||spa||
082 _aEDUM.51
100 _aSANTROCK John W.
245 0 _aPsicología de la educación
250 _a1ra. ed.
264 _bMcGraw-Hill Interam.
942 _cLIB
999 _c39749
_d39749